La Mala Digestión

Guardat en:
Dades bibliogràfiques
Autor principal: Cortez, Plutarco
Format: Llibre
Idioma:Undetermined
Publicat: Managua, Nicaragua Decenio 1994
Matèries:
Etiquetes: Afegir etiqueta
Sense etiquetes, Sigues el primer a etiquetar aquest registre!

MARC

LEADER 00000nam a2200000Ia 4500
008 170316s9999 xx 000 0 und d
040 |a cru BVZT 
090 |a 860 C-43.1m 
100 |a Cortez, Plutarco 
245 |a La Mala Digestión 
260 |a Managua, Nicaragua 
260 |b Decenio 
260 |c 1994 
300 |a 114 páginas 
650 |a LITERATURA LATINOAMERICANA 
650 |a NOVELA NICARAGÜENSE 
999 |c 8535  |d 8535 
942 |c 15 D  |h 860 C-43.1m  |2 z